Manifest kommunističeskoj partii /

Hlavní autor: Marx, Karl, 1818-1883
Další autoři: Engels, Friedrich, 1820-1895
Jazyk: Ruština
Vydáno: Moskva : Gospolitizdat, 1958
Edice: Biblioteka po naučnomu socializmu
Fyzický popis: 93 s.
Knihy
Uloženo v:
LEADER 00850nam a22002532a 4500
001 001409787
003 CZ BrMZK
005 20150127142506.0
007 ta
008 140806s1958 ru er|||||||||||rus d
040 |a ABA001  |b cze  |c ABA001  |d ABA001  |d BOA001 
041 1 |a rus  |h ger 
100 1 |a Marx, Karl,  |d 1818-1883  |7 jn19990005454  |4 aut 
245 1 0 |a Manifest kommunističeskoj partii /  |c K. Marks i F. Engels 
260 |a Moskva :  |b Gospolitizdat,  |c 1958 
300 |a 93 s. 
490 1 |a Biblioteka po naučnomu socializmu ;  |v vypusk 1 
500 |a Přeloženo z němčiny 
700 1 |a Engels, Friedrich,  |d 1820-1895  |7 jn19981000984  |4 aut 
830 0 |a Biblioteka po naučnomu socializmu 
910 |a BOA001  |b 2-0410.724 
990 |a BK 
991 |b 201408 
996 7 |b 2619126726  |c 2-0410.724  |l MZK  |r Sklad / do 24 hodin  |n 0  |w 001444985  |u 000010  |a 1  |e BOA001  |j MZK50  |s A